विज्ञान के अनजान रहस्य एवं जानकारियाँ / (Record no. 32567)

MARC details
000 -LEADER
fixed length control field 07869nam a22005417a 4500
005 - DATE AND TIME OF LATEST TRANSACTION
control field 20091211144410.0
008 - FIXED-LENGTH DATA ELEMENTS--GENERAL INFORMATION
fixed length control field 091211t xxu||||| |||| 00| 0 hin d
020 ## - INTERNATIONAL STANDARD BOOK NUMBER
Terms of availability 200.00
035 ## - SYSTEM CONTROL NUMBER
System control number B-370780-807
037 ## - SOURCE OF ACQUISITION
Source of stock number/acquisition आकाशदीप पब्लिकेशंस/ PUB
040 ## - CATALOGING SOURCE
Original cataloging agency DPL
Language of cataloging HN
082 ## - DEWEY DECIMAL CLASSIFICATION NUMBER
Classification number 500
245 ## - TITLE STATEMENT
Title विज्ञान के अनजान रहस्य एवं जानकारियाँ /
Statement of responsibility, etc मुकेश नादान द्वारा संपादित
260 ## - PUBLICATION, DISTRIBUTION, ETC. (IMPRINT)
Place of publication, distribution, etc नई दिल्ली
Name of publisher, distributor, etc आकाशदीप पब्लिकेशंस
Date of publication, distribution, etc 2008
270 ## - ADDRESS
Address 1/1073 डी, महरौली
City नई दिल्ली
Postal code 110030
300 ## - PHYSICAL DESCRIPTION
Extent 160पृ
Dimensions 22सेमी (सजिल्द)
Other physical details सचित्र
500 ## - GENERAL NOTE
General note समान ISBN 8187775343 शीर्षक विज्ञान की अद्भुत खोजें एवं जानकारियाँ
700 ## - ADDED ENTRY--PERSONAL NAME
Personal name मुकेश नादान
9 (RLIN) 17926
942 ## - ADDED ENTRY ELEMENTS (KOHA)
Source of classification or shelving scheme Dewey Decimal Classification
Item type Children Books
Classification part 500
Call number suffix विज्ञान
Holdings
Withdrawn status Lost status Source of classification or shelving scheme Damaged status Not for loan Collection code Home library Current library Date acquired Source of acquisition Cost, normal purchase price Total Checkouts Full call number Barcode Date last seen Copy number Cost, replacement price Koha item type Total Renewals
    Dewey Decimal Classification     Non-fiction Andrews Gunj Andrews Gunj 01/09/2010 आकाशदीप पब्लिकेशंस/712/22.01.10/227/16.01.10/10.02.10 200.00   500 विज्ञान B-370795 01/09/2010 1 200.00 Children Books  
    Dewey Decimal Classification     Non-fiction Bagh Kadhe Khan Bagh Kadhe Khan 01/09/2010 आकाशदीप पब्लिकेशंस/712/22.01.10/227/16.01.10/10.02.10 200.00 3 500 विज्ञान B-370800 30/04/2026 1 200.00 Children Books 2
    Dewey Decimal Classification     Non-fiction Bawana Bawana 01/09/2010 आकाशदीप पब्लिकेशंस/712/22.01.10/227/16.01.10/10.02.10 200.00 3 500 विज्ञान B-370798 12/10/2023 1 200.00 Children Books  
    Dewey Decimal Classification     Non-fiction Bawana Bawana 01/09/2010 आकाशदीप पब्लिकेशंस/712/22.01.10/227/16.01.10/10.02.10 200.00 2 500 विज्ञान B-370802 27/08/2024 1 200.00 Children Books  
    Dewey Decimal Classification     Non-fiction Central Jail Tihar Central Jail Tihar 01/09/2010 आकाशदीप पब्लिकेशंस/712/22.01.10/227/16.01.10/10.02.10 200.00   500 विज्ञान B-370789 01/09/2010 1 200.00 Children Books  
    Dewey Decimal Classification     Non-fiction Diz Area Diz Area 01/09/2010 आकाशदीप पब्लिकेशंस/712/22.01.10/227/16.01.10/10.02.10 200.00   500 विज्ञान B-370790 01/09/2010 1 200.00 Children Books  
  Written-off vide DLB M. No. 383 dt 16.05.19 Dewey Decimal Classification     Non-fiction Janak Puri Janak Puri 01/09/2010 आकाशदीप पब्लिकेशंस/712/22.01.10/227/16.01.10/10.02.10 200.00 27 500 विज्ञान B-370792 28/06/2018 1 200.00 Children Books 1
    Dewey Decimal Classification     Non-fiction Kasturba Gandhi Marg Kasturba Gandhi Marg 01/09/2010 आकाशदीप पब्लिकेशंस/712/22.01.10/227/16.01.10/10.02.10 200.00   500 विज्ञान B-370786 01/09/2010 1 200.00 Children Books  
    Dewey Decimal Classification     Non-fiction Mobile Library Mobile Library 01/09/2010 आकाशदीप पब्लिकेशंस/712/22.01.10/227/16.01.10/10.02.10 200.00   500 विज्ञान B-370780 01/09/2010 4 200.00 Children Books  
    Dewey Decimal Classification     Non-fiction Mobile Library Mobile Library 01/09/2010 आकाशदीप पब्लिकेशंस/712/22.01.10/227/16.01.10/10.02.10 200.00   500 विज्ञान B-370781 01/09/2010 4 200.00 Children Books  
    Dewey Decimal Classification     Non-fiction Mobile Library Mobile Library 01/09/2010 आकाशदीप पब्लिकेशंस/712/22.01.10/227/16.01.10/10.02.10 200.00   500 विज्ञान B-370782 01/09/2010 4 200.00 Children Books  
    Dewey Decimal Classification     Non-fiction Mobile Library Mobile Library 01/09/2010 आकाशदीप पब्लिकेशंस/712/22.01.10/227/16.01.10/10.02.10 200.00   500 विज्ञान B-370783 01/09/2010 4 200.00 Children Books  
  Written-off vide DLB M. No. 383 dt 16.05.19 Dewey Decimal Classification     Non-fiction Narela Narela 01/09/2010 आकाशदीप पब्लिकेशंस/712/22.01.10/227/16.01.10/10.02.10 200.00   500 विज्ञान B-370801 01/09/2010 1 200.00 Children Books  
    Dewey Decimal Classification     Non-fiction New Rohtak Road New Rohtak Road 01/09/2010 आकाशदीप पब्लिकेशंस/712/22.01.10/227/16.01.10/10.02.10 200.00   500 विज्ञान B-370799 01/09/2010 1 200.00 Children Books  
  Written-off vide DLB M. No. 383 dt 16.05.19 Dewey Decimal Classification     Non-fiction Patel Nagar Patel Nagar 01/09/2010 आकाशदीप पब्लिकेशंस/712/22.01.10/227/16.01.10/10.02.10 200.00   500 विज्ञान B-370785 01/09/2010 1 200.00 Children Books  
    Dewey Decimal Classification     Non-fiction Patel Nagar Patel Nagar 01/09/2010 आकाशदीप पब्लिकेशंस/712/22.01.10/227/16.01.10/10.02.10 200.00 2 500 विज्ञान B-370791 14/11/2019 1 200.00 Children Books  
    Dewey Decimal Classification     Non-fiction Peshwa Road Peshwa Road 01/09/2010 आकाशदीप पब्लिकेशंस/712/22.01.10/227/16.01.10/10.02.10 200.00   500 विज्ञान B-370787 01/09/2010 1 200.00 Children Books  
  Written-off vide DLB M. No. 383 dt 16.05.19 Dewey Decimal Classification     Non-fiction R.C.Libraries (BL-IV) R.C.Libraries (BL-IV) 01/09/2010 आकाशदीप पब्लिकेशंस/712/22.01.10/227/16.01.10/10.02.10 200.00   500 विज्ञान B-370805 01/09/2010 3 200.00 Children Books  
    Dewey Decimal Classification     Non-fiction R.C.Libraries (BL-IV) R.C.Libraries (BL-IV) 01/09/2010 आकाशदीप पब्लिकेशंस/712/22.01.10/227/16.01.10/10.02.10 200.00   500 विज्ञान B-370806 01/09/2010 3 200.00 Children Books  
    Dewey Decimal Classification     Non-fiction R.C.Libraries (BL-IV) R.C.Libraries (BL-IV) 01/09/2010 आकाशदीप पब्लिकेशंस/712/22.01.10/227/16.01.10/10.02.10 200.00 1 500 विज्ञान B-370807 03/09/2021 3 200.00 Children Books 2
    Dewey Decimal Classification     Non-fiction R.K.Puram-8 R.K.Puram-8 01/09/2010 आकाशदीप पब्लिकेशंस/712/22.01.10/227/16.01.10/10.02.10 200.00   500 विज्ञान B-370794 01/09/2010 1 200.00 Children Books  
    Dewey Decimal Classification     Non-fiction Sarojini Nagar Sarojini Nagar 01/09/2010 आकाशदीप पब्लिकेशंस/712/22.01.10/227/16.01.10/10.02.10 200.00   500 विज्ञान B-370793 01/09/2010 1 200.00 Children Books  
    Dewey Decimal Classification     Non-fiction Shahdara Branch Shahdara Branch 01/09/2010 आकाशदीप पब्लिकेशंस/712/22.01.10/227/16.01.10/10.02.10 200.00 2 500 विज्ञान B-370784 28/03/2019 1 200.00 Children Books  
    Dewey Decimal Classification     Non-fiction Shahdara Branch Shahdara Branch 01/09/2010 आकाशदीप पब्लिकेशंस/712/22.01.10/227/16.01.10/10.02.10 200.00 5 500 विज्ञान B-370803 08/07/2024 1 200.00 Children Books  
    Dewey Decimal Classification     Non-fiction Sriniwas Puri Sriniwas Puri 01/09/2010 आकाशदीप पब्लिकेशंस/712/22.01.10/227/16.01.10/10.02.10 200.00   500 विज्ञान B-370796 01/09/2010 1 200.00 Children Books  
    Dewey Decimal Classification     Non-fiction Tri Nagar Tri Nagar 01/09/2010 आकाशदीप पब्लिकेशंस/712/22.01.10/227/16.01.10/10.02.10 200.00 4 500 विज्ञान B-370788 02/09/2021 1 200.00 Children Books  
    Dewey Decimal Classification     Non-fiction Vinoba Puri Vinoba Puri 01/09/2010 आकाशदीप पब्लिकेशंस/712/22.01.10/227/16.01.10/10.02.10 200.00 16 500 विज्ञान B-370797 21/02/2019 1 200.00 Children Books  
    Dewey Decimal Classification     Non-fiction Yojana Vihar Yojana Vihar 01/09/2010 आकाशदीप पब्लिकेशंस/712/22.01.10/227/16.01.10/10.02.10 200.00 1 500 विज्ञान B-370804 21/08/2019 1 200.00 Children Books  

© Delhi Public Library
Hit Counter
free hit counter